The Marvel Cinematic Universe (2008-2027) - Statistics

General Stats
  • This quiz has been taken 200 times
    13 since last reset
  • The average score is 42 of 56
Answer Stats
Release Date Format MCU Project % Correct
July 22, 2011 Film Marvel Studios' Captain America: The First Avenger
100%
May 2, 2008 Film Marvel Studios' Iron Man
100%
May 2, 2010 Film Marvel Studios' Iron Man 2
100%
May 3, 2013 Film Marvel Studios' Iron Man 3
100%
May 4, 2012 Film Marvel Studios' The Avengers
100%
June 13, 2008 Film Marvel Studios' The Incredible Hulk
100%
May 6, 2011 Film Marvel Studios' Thor
100%
May 1, 2015 Film Marvel Studios' Avengers: Age of Ultron
91%
February 14, 2025 Film Marvel Studios' Captain America: Brave New World
91%
May 6, 2016 Film Marvel Studios' Captain America: Civil War
91%
June 9, 2021 Series Marvel Studios' Loki
91%
October 5, 2023 Series Marvel Studios' Loki: Season 2
91%
July 17, 2015 Film Marvel Studios' Ant-Man
82%
April 26, 2019 Film Marvel Studios' Avengers: Endgame
82%
April 27, 2018 Film Marvel Studios' Avengers: Infinity War
82%
February 16, 2018 Film Marvel Studios' Black Panther
82%
July 9, 2021 Film Marvel Studios' Black Widow
82%
March 8, 2019 Film Marvel Studios' Captain Marvel
82%
November 4, 2016 Film Marvel Studios' Doctor Strange
82%
May 6, 2022 Film Marvel Studios' Doctor Strange in the Multiverse of Madness
82%
August 1, 2014 Film Marvel Studios' Guardians of the Galaxy
82%
May 5, 2017 Film Marvel Studios' Guardians of the Galaxy Vol. 2
82%
September 3, 2021 Film Marvel Studios' Shang-Chi and The Legend of The Ten Rings
82%
July 2, 2019 Film Marvel Studios' Spider-Man: Far From Home
82%
July 7, 2017 Film Marvel Studios' Spider-Man: Homecoming
82%
December 17, 2021 Film Marvel Studios' Spider-Man: No Way Home
82%
March 19, 2021 Series Marvel Studios' The Falcon and The Winter Soldier
82%
November 3, 2017 Film Marvel Studios' Thor: Ragnarok
82%
May 2, 2025 Film Marvel Studios' Thunderbolts*
82%
January 15, 2021 Series Marvel Studios' WandaVision
82%
July 6, 2018 Film Marvel Studios' Ant-Man and The Wasp
73%
November 11, 2022 Film Marvel Studios' Black Panther: Wakanda Forever
73%
April 4, 2014 Film Marvel Studios' Captain America: The Winter Soldier
73%
May 5, 2023 Film Marvel Studios' Guardians of the Galaxy Vol. 3
73%
March 30, 2022 Series Marvel Studios' Moon Knight
73%
June 8, 2022 Series Marvel Studios' Ms. Marvel
73%
August 18, 2022 Series Marvel Studios' She Hulk: Attorney at Law
73%
July 25, 2025 Film Marvel Studios' The Fantastic Four: First Steps
73%
July 8, 2022 Film Marvel Studios' Thor: Love and Thunder
73%
November 8, 2013 Film Marvel Studios' Thor: The Dark World
73%
February 17, 2023 Film Marvel Studios' Ant-Man and The Wasp: Quantumania
64%
December 18, 2026 Film Marvel Studios' Avengers: Doomsday
64%
December 17, 2027 Film Marvel Studios' Avengers: Secret Wars
64%
July 26, 2024 Film Marvel Studios' Deadpool & Wolverine
64%
November 5, 2021 Film Marvel Studios' Eternals
64%
November 10, 2023 Film Marvel Studios' The Marvels
64%
March 4, 2025 Series Marvel Television's Daredevil: Born Again
64%
June 24, 2025 Series Marvel Studios’ Ironheart
55%
November 25, 2022 Special Marvel Studios' Special Presentation: The Guardians of the Galaxy Holiday Special
55%
July 31, 2026 Film Marvel Studios' Spider-Man: Brand New Day
55%
January 9, 2024 Series Marvel Studios' Echo
45%
June 21, 2023 Series Marvel Studios' Secret Invasion
45%
October 7, 2022 Special Marvel Studios' Special Presentation: Werewolf By Night
45%
September 18, 2024 Series Marvel Television’s Agatha All Along
45%
November 24, 2021 Series Marvel Studios' Hawkeye
36%
December 2025 Series Marvel Studios’ Wonder Man
36%
No matching quizzes found
Score Distribution
Percent of People with Each Score
Percentile by Number Answered
Your Score History
You have not taken this quiz since the last reset